[Event "POL-chT Region"]
[Site "Swietokrzyskie"]
[Date "2010.01.09"]
[Round "2"]
[White "Komperda, Robert"]
[Black "Kaczmarek, Aleksander"]
[Result "0-1"]
[WhiteElo "1973"]
[BlackElo "2009"]
[PlyCount "98"]
[EventDate "2010.01.09"]
[EventType "team-swiss"]
[EventRounds "10"]
[EventCountry "POL"]
[SourceTitle "EXT 2013"]
[Source "ChessBase"]
[SourceDate "2012.11.22"]
[SourceVersion "1"]
[SourceVersionDate "2012.11.22"]
[SourceQuality "1"]

1. d4 Nf6 2. Nf3 c5 3. d5 d6 4. c4 g6 5. Nc3 Bg7 6. e4 Na6 7. Bd3 Nc7 8. 0-0 0-0 9. Re1 Bg4 10. h3 Bxf3 11. Qxf3 Nd7 12. Qe2 e6 13. Bf4 Ne5 14. Bg3 Qg5 15. Kh2 Nxd3 16. Qxd3 e5 17. Qe3 Qxe3 18. Rxe3 Bh6 19. Re2 f5 20. f3 a6 21. Rb1 b5 22. b3 Rfb8 23. Reb2 Be3 24. Bf2 Bxf2 25. Rxf2 bxc4 26. Rfb2 cxb3 27. Rxb3 Rxb3 28. Rxb3 Nb5 29. Nxb5 axb5 30. Rxb5 Rxa2 31. Rb6 c4 32. Rc6 Rc2 33. Rxd6 c3 34. Re6 Kf7 35. exf5 gxf5 36. Rxe5 Rd2 37. Rxf5+ Ke7 38. Rf4 c2 39. Rc4 Kd6 40. Kg3 Kxd5 41. Rc8 Kd4 42. h4 Kd3 43. f4 Rd1 44. Kg4 c1Q 45. Rxc1 Rxc1 46. Kg5 Ke4 47. g4 Rc6 48. h5 h6+ 49. Kh4 Kxf4 0-1

[Event "Dabrowica Jastkow Memorial op"]
[Site "Dabrowica"]
[Date "2009.01.02"]
[Round "1.3"]
[White "Komperda, Robert"]
[Black "Kuzniarz, Maciej"]
[Result "1-0"]
[WhiteElo "1975"]
[BlackElo "1449"]
[PlyCount "37"]
[EventDate "2009.01.02"]
[EventType "swiss"]
[EventRounds "5"]
[EventCountry "POL"]
[SourceTitle "EXT 2023"]
[Source "ChessBase"]
[SourceDate "2022.10.05"]
[SourceVersion "1"]
[SourceVersionDate "2022.10.05"]
[SourceQuality "1"]

1. d4 f5 2. e4 fxe4 3. Nc3 Nf6 4. Bg5 d5 5. Bxf6 exf6 6. Qh5+ g6 7. Qxd5 Qxd5 8. Nxd5 Kd8 9. Nxf6 Bf5 10. g4 Be7 11. gxf5 Bxf6 12. fxg6 hxg6 13. Bg2 Re8 14. 0-0-0 c6 15. Re1 Bg5+ 16. Kd1 e3 17. Nf3 exf2 18. Rxe8+ Kxe8 19. Nxg5 1-0

[Event "Ketrzyn op-A 11th"]
[Site "Ketrzyn"]
[Date "2008.12.28"]
[Round "3.8"]
[White "Kotermanska, Anna"]
[Black "Komperda, Robert"]
[Result "0-1"]
[WhiteElo "1959"]
[BlackElo "1975"]
[PlyCount "87"]
[EventDate "2008.12.27"]
[EventType "swiss"]
[EventRounds "9"]
[EventCountry "POL"]
[SourceTitle "EXT 2023"]
[Source "ChessBase"]
[SourceDate "2022.10.05"]
[SourceVersion "1"]
[SourceVersionDate "2022.10.05"]
[SourceQuality "1"]

1. e4 e6 2. d4 d5 3. Nd2 dxe4 4. Nxe4 Nd7 5. Nf3 Ngf6 6. Nxf6+ Nxf6 7. Bg5 Be7 8. Bd3 0-0 9. 0-0 b6 10. c3 Bb7 11. Re1 Rc8 12. Qe2 c5 13. dxc5 Rxc5 14. Bh4 Qa8 15. Rad1 Re8 16. Bb1 g6 17. Rd2 Nh5 18. Bxe7 Rxe7 19. Be4 Nf6 20. Qe3 Bxe4 21. Qxe4 Qxe4 22. Rxe4 Nd5 23. g3 Rec7 24. Nd4 Rc4 25. Re1 a6 26. Red1 b5 27. a3 Ra7 28. Kg2 Rcc7 29. Nf3 a5 30. Nd4 Rab7 31. Nb3 b4 32. axb4 axb4 33. c4 Nb6 34. c5 Nd5 35. Ra1 Ra7 36. Rxa7 Rxa7 37. Rc2 Kf8 38. Nd4 Ke8 39. Kf3 Ra8 40. Nc6 Ra6 41. Ne5 f6 42. Nc4 Kd7 43. Ke4 Kc6 44. Ne3 0-1

[Event "Ketrzyn op-A 11th"]
[Site "Ketrzyn"]
[Date "2008.12.28"]
[Round "5.5"]
[White "Wlodarczyk, Oskar"]
[Black "Komperda, Robert"]
[Result "1-0"]
[WhiteElo "2337"]
[BlackElo "1975"]
[PlyCount "53"]
[EventDate "2008.12.27"]
[EventType "swiss"]
[EventRounds "9"]
[EventCountry "POL"]
[SourceTitle "EXT 2023"]
[Source "ChessBase"]
[SourceDate "2022.10.05"]
[SourceVersion "1"]
[SourceVersionDate "2022.10.05"]
[SourceQuality "1"]

1. e4 e6 2. d4 d5 3. Nc3 dxe4 4. Nxe4 Nd7 5. Nf3 Ngf6 6. Nxf6+ Nxf6 7. Bd3 Be7 8. Qe2 0-0 9. Bd2 b6 10. 0-0-0 Bb7 11. h4 c5 12. dxc5 Qd5 13. Kb1 Qxc5 14. Ne5 Rfc8 15. f4 b5 16. Rh3 b4 17. g4 Bd5 18. g5 Ne8 19. h5 Nd6 20. g6 f5 21. h6 gxh6 22. Qh5 Bf8 23. gxh7+ Kh8 24. Ng6+ Kxh7 25. Nxf8+ Rxf8 26. Qxh6+ Kg8 27. Qh7# 1-0

[Event "IECC Swiss email"]
[Site "IECC email"]
[Date "2001.03.03"]
[Round "?"]
[White "Komperda, Robert"]
[Black "Lacerda, Tiago Beltrao"]
[Result "1-0"]
[WhiteElo "1747"]
[BlackElo "1350"]
[PlyCount "35"]
[EventDate "2001.??.??"]
[EventType "tourn (corr)"]
[EventRounds "6"]
[SourceTitle "Corr 2008"]
[Source "ChessBase"]
[SourceDate "2008.06.24"]
[SourceVersion "1"]
[SourceVersionDate "2008.06.24"]
[SourceQuality "1"]

1. Nf3 d5 2. d4 c5 3. dxc5 Nc6 4. e4 e6 5. exd5 Qxd5 6. Qxd5 exd5 7. Be3 Bg4 8. Nbd2 0-0-0 9. c3 Re8 10. Be2 Nf6 11. b4 h6 12. 0-0 Ne4 13. Nxe4 dxe4 14. Nd4 Bxe2 15. Nxe2 Rd8 16. Ng3 g6 17. Nxe4 Bg7 18. Nd6+ 1-0

[Event "IECC CL3-2000.61"]
[Site "IECC email"]
[Date "2000.12.17"]
[Round "?"]
[White "Komperda, Robert"]
[Black "Gosme, Emile"]
[Result "0-1"]
[WhiteElo "1765"]
[BlackElo "1904"]
[PlyCount "90"]
[EventDate "2000.??.??"]
[EventType "tourn (corr)"]
[EventRounds "4"]
[SourceTitle "Corr 2008"]
[Source "ChessBase"]
[SourceDate "2008.06.24"]
[SourceVersion "1"]
[SourceVersionDate "2008.06.24"]
[SourceQuality "1"]

1. Nf3 f5 2. g3 c6 3. d4 e6 4. c4 d5 5. b3 Nf6 6. Bg2 Bb4+ 7. Bd2 Be7 8. 0-0 0-0 9. Bc3 Ne4 10. Bb2 Nd7 11. Nbd2 Qe8 12. Nxe4 fxe4 13. Nd2 Qg6 14. f3 e3 15. Nb1 dxc4 16. bxc4 Bf6 17. Qb3 c5 18. Qxe3 Nb6 19. Qb3 Bxd4+ 20. Bxd4 cxd4 21. f4 e5 22. c5+ Be6 23. Qd3 Qxd3 24. exd3 Nd5 25. Bxd5 Bxd5 26. Nd2 exf4 27. gxf4 Rae8 28. Rae1 Rxe1 29. Rxe1 Rxf4 30. a3 Kf7 31. Re5 Bc6 32. Ne4 Bxe4 33. dxe4 a5 34. Kg2 h6 35. Kg3 g5 36. h3 a4 37. Kg2 Kf6 38. Re8 h5 39. Rb8 Rxe4 40. Rxb7 Re2+ 41. Kg1 Ra2 42. c6 Rxa3 43. Rb4 Rxh3 44. Rc4 d3 45. Kf2 Rh2+ 0-1

[Event "IECC CL4-2000.44"]
[Site "IECC email"]
[Date "2000.12.17"]
[Round "?"]
[White "Myatt, John R"]
[Black "Komperda, Robert"]
[Result "1-0"]
[WhiteElo "1699"]
[BlackElo "1809"]
[PlyCount "71"]
[EventDate "2000.??.??"]
[EventType "tourn (corr)"]
[EventRounds "4"]
[SourceTitle "Corr 2008"]
[Source "ChessBase"]
[SourceDate "2008.06.24"]
[SourceVersion "1"]
[SourceVersionDate "2008.06.24"]
[SourceQuality "1"]

1. e4 c5 2. Nf3 e6 3. d3 Nc6 4. g3 d5 5. Nbd2 g6 6. Bg2 Bg7 7. 0-0 Nge7 8. exd5 exd5 9. d4 cxd4 10. Nb3 Qb6 11. Bf4 0-0 12. Bd6 d3 13. c3 Bf5 14. Bc5 Qc7 15. Nfd4 Nxd4 16. Bxd4 Nc6 17. Bxg7 Kxg7 18. g4 Be6 19. h3 h5 20. gxh5 Bf5 21. Qd2 Rh8 22. hxg6 Bxh3 23. f4 Bxg2 24. Qxg2 Rh6 25. f5 f6 26. Nc5 Nd8 27. Nxd3 Ne6 28. Rae1 Rh5 29. Rxe6 Rg5 30. Qxg5 fxg5 31. f6+ Kg8 32. Ne5 Rf8 33. g7 Qc5+ 34. Kg2 Rxf6 35. Rfxf6 Qb5 36. Ng4 1-0

[Event "IECC CL4-2000.36"]
[Site "IECC email"]
[Date "2000.09.08"]
[Round "?"]
[White "Komperda, Robert"]
[Black "Berkley, Stephen W"]
[Result "1-0"]
[WhiteElo "1802"]
[BlackElo "1607"]
[PlyCount "109"]
[EventDate "2000.??.??"]
[EventType "tourn (corr)"]
[EventRounds "4"]
[SourceTitle "Corr 2008"]
[Source "ChessBase"]
[SourceDate "2008.06.24"]
[SourceVersion "1"]
[SourceVersionDate "2008.06.24"]
[SourceQuality "1"]

1. Nf3 Nf6 2. c4 g6 3. Nc3 Bg7 4. g3 0-0 5. Bg2 d6 6. d4 Nc6 7. 0-0 Rb8 8. Bf4 a6 9. Qd2 b5 10. cxb5 axb5 11. d5 Na5 12. Nd4 Qe8 13. Bh6 Nc4 14. Qc1 Bxh6 15. Qxh6 b4 16. Nd1 e6 17. dxe6 fxe6 18. Qc1 d5 19. b3 e5 20. Nf3 e4 21. bxc4 exf3 22. Bxf3 Bh3 23. Re1 c6 24. cxd5 Nxd5 25. Bxd5+ cxd5 26. Qe3 Qf7 27. Qd4 Bf5 28. Ne3 Be6 29. Nc2 Rfc8 30. Ne3 Rb7 31. Reb1 Rf8 32. f3 Rfb8 33. Rb2 Qg7 34. Qxg7+ Kxg7 35. Rab1 Ra8 36. Nc2 Bf5 37. g4 Bxc2 38. Rxc2 Rba7 39. Rxb4 Rxa2 40. Rb7+ Kg8 41. Rxa2 Rxa2 42. Kf2 Ra1 43. Rd7 Rh1 44. h4 Rxh4 45. Kg3 Rh1 46. Rxd5 Kf7 47. e4 Rb1 48. Rd7+ Kg8 49. g5 Rg1+ 50. Kf4 Rg2 51. Ke5 Rxg5+ 52. Kf6 h6 53. Rg7+ Kf8 54. Rxg6 Rh5 55. e5 1-0

[Event "IECC CL3-2000.34"]
[Site "IECC email"]
[Date "2000.06.10"]
[Round "?"]
[White "Hoefer, Hans Peter"]
[Black "Komperda, Robert"]
[Result "1/2-1/2"]
[WhiteElo "1889"]
[BlackElo "1830"]
[PlyCount "67"]
[EventDate "2000.??.??"]
[EventType "tourn (corr)"]
[EventRounds "4"]
[SourceTitle "Corr 2008"]
[Source "ChessBase"]
[SourceDate "2008.06.24"]
[SourceVersion "1"]
[SourceVersionDate "2008.06.24"]
[SourceQuality "1"]

1. d4 d5 2. c4 e6 3. Nc3 Nf6 4. Bg5 Be7 5. e3 Nbd7 6. Nf3 0-0 7. Rc1 c6 8. Bd3 dxc4 9. Bxc4 Nd5 10. Bxe7 Qxe7 11. 0-0 Nxc3 12. Rxc3 b5 13. Bd3 Bb7 14. Qc2 h6 15. Rc1 b4 16. Rc4 a5 17. Ne5 Nxe5 18. dxe5 Rfc8 19. Bh7+ Kh8 20. Be4 Rc7 21. Rd4 Rd8 22. Rxd8+ Qxd8 23. Rd1 Rd7 24. Rxd7 Qxd7 25. h3 c5 26. Bxb7 Qxb7 27. Qxc5 Qe4 28. Qxa5 Qb1+ 29. Kh2 Qxb2 30. Qa8+ Kh7 31. Qe4+ Kg8 32. Kg3 Qxa2 33. Qxb4 Qe2 34. Qe7 1/2-1/2

[Event "IECC CL3-2000.33"]
[Site "IECC email"]
[Date "2000.06.03"]
[Round "?"]
[White "Makarczuk, Jacek"]
[Black "Komperda, Robert"]
[Result "1/2-1/2"]
[WhiteElo "1980"]
[BlackElo "1833"]
[PlyCount "43"]
[EventDate "2000.??.??"]
[EventType "tourn (corr)"]
[EventRounds "4"]
[SourceTitle "Corr 2008"]
[Source "ChessBase"]
[SourceDate "2008.06.24"]
[SourceVersion "1"]
[SourceVersionDate "2008.06.24"]
[SourceQuality "1"]

1. e4 e6 2. d4 d5 3. Nc3 dxe4 4. Nxe4 Nd7 5. Nf3 Be7 6. Bd3 b6 7. 0-0 Bb7 8. Re1 Ngf6 9. Bf4 Nxe4 10. Bxe4 Bxe4 11. Rxe4 0-0 12. Ne5 Nxe5 13. Bxe5 Bd6 14. Qe2 Bxe5 15. dxe5 Qe7 16. Rd4 Rad8 17. Rad1 Rxd4 18. Rxd4 Rd8 19. Qd2 Rxd4 20. Qxd4 c5 21. Qe4 g6 22. g3 1/2-1/2

[Event "IECC M email"]
[Site "IECC email"]
[Date "2000.05.30"]
[Round "?"]
[White "Komperda, Robert"]
[Black "De Leeuw, Dirk"]
[Result "1/2-1/2"]
[WhiteElo "1799"]
[BlackElo "1936"]
[PlyCount "95"]
[EventDate "2000.??.??"]
[EventType "tourn (corr)"]
[EventRounds "2"]
[SourceTitle "Corr 2008"]
[Source "ChessBase"]
[SourceDate "2008.06.24"]
[SourceVersion "1"]
[SourceVersionDate "2008.06.24"]
[SourceQuality "1"]

1. d4 Nf6 2. c4 e6 3. Nf3 b6 4. g3 Ba6 5. b3 Bb4+ 6. Bd2 Be7 7. Nc3 0-0 8. e4 d5 9. cxd5 Bxf1 10. Kxf1 exd5 11. e5 Ne8 12. Qe2 c5 13. Kg2 Nc7 14. Rad1 Nc6 15. Be3 Qd7 16. Rd2 Rac8 17. Rhd1 cxd4 18. Bxd4 Bb4 19. Rd3 Rfe8 20. Na4 f6 21. Re3 b5 22. Nb2 Nxd4 23. Nxd4 fxe5 24. Rxe5 Bc3 25. Re3 Rxe3 26. fxe3 Qe7 27. Nf3 Qe4 28. Nd3 Re8 29. Nf2 Qxe3 30. Qxe3 Rxe3 31. Rd3 Rxd3 32. Nxd3 Kf7 33. Kf2 Ke7 34. Ke3 Ne6 35. Nf4 Nxf4 36. Kxf4 Kd6 37. Ke3 h5 38. Kd3 b4 39. h3 Be5 40. g4 hxg4 41. hxg4 a6 42. Ke3 a5 43. Ng5 Bf6 44. Nf3 Bc3 45. Kd3 Ke6 46. Ke3 Bf6 47. Kd3 g5 48. Ke3 1/2-1/2

[Event "IECC CL3-2000.25"]
[Site "IECC email"]
[Date "2000.04.28"]
[Round "?"]
[White "Komperda, Robert"]
[Black "Lacey, Edward"]
[Result "0-1"]
[WhiteElo "1800"]
[BlackElo "1827"]
[PlyCount "82"]
[EventDate "2000.??.??"]
[EventType "tourn (corr)"]
[EventRounds "4"]
[SourceTitle "Corr 2008"]
[Source "ChessBase"]
[SourceDate "2008.06.24"]
[SourceVersion "1"]
[SourceVersionDate "2008.06.24"]
[SourceQuality "1"]

1. d4 Nf6 2. c4 g6 3. Nc3 Bg7 4. e4 d6 5. Nf3 0-0 6. Be2 e5 7. dxe5 dxe5 8. Qxd8 Rxd8 9. Bg5 Re8 10. Nd5 Nxd5 11. cxd5 c6 12. Bc4 cxd5 13. Bxd5 Nd7 14. Rc1 h6 15. Be3 Nf6 16. Bb3 Nxe4 17. Rc7 Be6 18. Rxb7 Bxb3 19. Rxb3 Rab8 20. Nd2 Nxd2 21. Kxd2 Rxb3 22. axb3 e4 23. Ra1 Rb8 24. Kc2 Rc8+ 25. Kb1 Rb8 26. Ra3 a6 27. Rxa6 Rxb3 28. Ra8+ Kh7 29. Ra2 Be5 30. Kc2 Rb7 31. h4 f5 32. Ra7 Rxa7 33. Bxa7 Kg7 34. b4 Kf6 35. Kb3 g5 36. hxg5+ hxg5 37. Kc4 g4 38. Bd4 f4 39. Kd5 Bxd4 40. Kxd4 e3 41. fxe3 f3 0-1

[Event "IECC CL3-2000.25"]
[Site "IECC email"]
[Date "2000.04.28"]
[Round "?"]
[White "Komperda, Robert"]
[Black "Makarczuk, Jacek"]
[Result "1/2-1/2"]
[WhiteElo "1826"]
[BlackElo "1948"]
[PlyCount "50"]
[EventDate "2000.??.??"]
[EventType "tourn (corr)"]
[EventRounds "4"]
[SourceTitle "Corr 2008"]
[Source "ChessBase"]
[SourceDate "2008.06.24"]
[SourceVersion "1"]
[SourceVersionDate "2008.06.24"]
[SourceQuality "1"]

1. d4 Nf6 2. c4 g6 3. Nc3 Bg7 4. e4 d6 5. Nf3 0-0 6. Be2 e5 7. dxe5 dxe5 8. Qxd8 Rxd8 9. Bg5 Re8 10. Nd5 Nxd5 11. cxd5 c6 12. Bc4 cxd5 13. Bxd5 Na6 14. Ke2 Nc7 15. Bb3 Be6 16. Rac1 Rac8 17. Bxe6 Nxe6 18. Rxc8 Rxc8 19. Rc1 Rxc1 20. Bxc1 f5 21. exf5 gxf5 22. Be3 a6 23. b3 Bf6 24. Nd2 Kf7 25. Nc4 Ke7 1/2-1/2

[Event "IECC CL3-2000.15"]
[Site "IECC email"]
[Date "2000.02.14"]
[Round "?"]
[White "Bass, Stanley"]
[Black "Komperda, Robert"]
[Result "1-0"]
[WhiteElo "1909"]
[BlackElo "1824"]
[PlyCount "119"]
[EventDate "2000.??.??"]
[EventType "tourn (corr)"]
[EventRounds "4"]
[SourceTitle "Corr 2008"]
[Source "ChessBase"]
[SourceDate "2008.06.24"]
[SourceVersion "1"]
[SourceVersionDate "2008.06.24"]
[SourceQuality "1"]

1. d4 d5 2. c4 e6 3. Nc3 Nf6 4. Bg5 Be7 5. Nf3 Nbd7 6. e3 0-0 7. Rc1 c6 8. Bd3 dxc4 9. Bxc4 Nd5 10. Bxe7 Qxe7 11. 0-0 Nxc3 12. Rxc3 b5 13. Bd3 Bb7 14. a3 a5 15. Qb1 b4 16. Rc2 c5 17. dxc5 Nxc5 18. Bxh7+ Kh8 19. Ne5 Bxg2 20. Qd1 Kxh7 21. Qh5+ Kg8 22. Kxg2 Ne4 23. Nc6 Qb7 24. Rfc1 Nc3 25. Qf3 Ra6 26. axb4 axb4 27. Nxb4 Qxb4 28. Rxc3 e5 29. R3c2 Rg6+ 30. Kh1 Rf6 31. Qg3 Qb7+ 32. Qg2 e4 33. Qg3 Rd8 34. Qe5 Re6 35. Qg5 Qd7 36. Rc7 Qd2 37. Rg1 Rg6 38. Qf5 Rf8 39. Rb7 Rxg1+ 40. Kxg1 Qc1+ 41. Kg2 Qc6 42. Re7 Qb6 43. Rxe4 Qxb2 44. Rh4 g6 45. Qc5 Qb7+ 46. e4 Qb2 47. Qe7 Qd4 48. Rf4 Qd8 49. Rxf7 Qxe7 50. Rxe7 Ra8 51. Kg3 Ra5 52. f4 Kf8 53. Rc7 Rh5 54. e5 Rf5 55. Kg4 Rh5 56. h3 Rf5 57. Rc8+ Kf7 58. Rh8 Ke7 59. h4 Ke6 60. Rh6 1-0